Engranajes y poleas

Đã lưu trong:
Chi tiết về thư mục
Những tác giả chính: Pezzano, Pascual A (Tác giả), Klein, Alberto (Tác giả)
Định dạng: Sách
Ngôn ngữ:Tiếng Tây Ban Nha
Được phát hành: Buenos Aires El Ateneo 1960
Phiên bản:4a. ed
Loạt:Elementos de Máquinas, 3
Những chủ đề:
Các nhãn: Thêm thẻ
Không có thẻ, Là người đầu tiên thẻ bản ghi này!

MARC

LEADER 00000cam a2200000 a 4500
001 UCE0856
003 CL-VaPUC
008 140317e19600000ag |||||||||||||||||spa|d
082 0 4 |a 621.83  |b PEZ  |2 21 
100 0 |a Pezzano, Pascual A  |e author  |9 573224 
700 0 |a Klein, Alberto  |e author  |9 573225 
245 1 0 |a Engranajes y poleas 
250 |a 4a. ed 
300 |a 287 p 
942 |c BK 
945 |d 20140317 10:17:00  |a cmena 
260 |a Buenos Aires  |b El Ateneo  |c 1960 
650 0 |a Engranajes   |9 271783 
650 7 |a POLEAS  |2 CL-VaPUC  |9 271784 
650 0 |a Maquinaria  |9 260482 
650 7 |a MAQUINAS SIMPLES  |2 CL-VaPUC  |9 345190 
650 0 |a Diseño de máquinas   |9 271533 
583 |a last modification  |c 20140317 10:17:00  |k Rodrigo Vera 
490 0 |a Elementos de Máquinas, 3 
999 |c 354861  |d 354859 
952 |0 0  |1 0  |3 erb  |4 0  |6 621_830000000000000_PEZ_1960  |7 0  |8 A  |9 461081  |a BIBMEC  |b BIBMEC  |i 5024919  |o 621.83 PEZ 1960  |p 5024919  |r 2024-01-19  |w 2019-11-23  |y BK  |z Catalogado en:20140317  |k MEC